LDR 00898naa#a2200205#i#450# 001 RU\\bibl\119064 005 20260416115701.4 011 ## _a2222-7962 100 ## _a20260330b2026####ek#y0rusy0150####ca 102 ## _aRU 200 1# _aАнализ региональных кривых роста Picea obovata Ledeb. на Южном Урале _eЖурнальная статья 210 1# _aВоронеж _cВоронежский государственный лесотехнический университет имени Г.Ф. Морозова _d2026 215 ## _a18 с. 608 ## _aЖурнальная статья _2local 675 ## _aЛесное хозяйство. 338.439.223 _z 700 #1 _aЛожкин _gГригорий И. 700 #1 _aГригорьев _gАндрей А. 700 #1 _aВьюхин _gСергей О. 700 #1 _aЧижикова _gНелли А. 856 4# _aanni.editorum.ru _u